| 000 | 01239nam2a22003011 4500 | ||
|---|---|---|---|
| 001 | rc\4925827 | ||
| 005 | 20250613041931.0 | ||
| 021 |
_aRU _b[67-89392] |
||
| 035 | _a(NLR Aleph) 008943190 | ||
| 090 |
_a8957923 _c8957923 |
||
| 100 | _a20130426d1967 |||y0rusy50 ca | ||
| 101 | 1 |
_arus _ceng |
|
| 102 | _aRU | ||
| 105 | _aa z ||||| | ||
| 200 | 1 |
_aЗадачи и упражнения _f[Сост. Р. Фейнман, Р. Лейтон, М. Сэндс и др.] |
|
| 210 |
_d1967 _aБ. м. |
||
| 215 |
_a205 с. _cчерт. |
||
| 300 | _aДоп. тит. л.: The Feynman lectures on physics | ||
| 461 | 0 |
_1001rc\4925826 _12001#$aФейнмановские лекции по физике$e[Пер. с англ.$fПод ред. Я.А. Смородинского] _98957917 _cМосква _d1967- _fПод ред. Я.А. Смородинского] _nМир _o[Пер. с англ. _tФейнмановские лекции по физике |
|
| 513 | 0 | _aThe Feynman lectures on physics | |
| 702 | 1 |
_aЛейтон _bР. _4220 |
|
| 702 | 1 |
_aСэндс _bМ. _gМэтью _4220 |
|
| 702 | 1 |
_aФейнман _bР. _gРичард _4220 |
|
| 801 | 0 |
_aRU _bNLR _gpsbo |
|
| 801 | 1 |
_aRU _bELAR _2rusmarc |
|
| 852 |
_aNLR _j67-5/5254 |
||
| 942 | _cBOOK | ||
| 980 | _aNB | ||